| 000 | 00459nam a2200145 i 4500 | ||
|---|---|---|---|
| 001 | 129146 | ||
| 003 | ES-MaACL | ||
| 005 | 20230906193439.0 | ||
| 007 | t| | ||
| 008 | 070607q19501959sp ||||1| spa d | ||
| 245 | 0 | 0 |
_aTerapéutica alimenticia _b: niños y adultos / _cpublicado por el Departamento Científico de los Laboratorios Max F. Berlowitz. |
| 260 |
_a[Santander : _bAldus, _cs.a. 195-?] |
||
| 300 |
_a456 p. ; _c20 cm. |
||
| 852 |
_aES-MaACL _jA-4189 |
||
| 999 |
_c129146 _d129146 |
||